000 00729nam a2200289Ia 4500
005 20260324115942.0
008 008 260324s9999 xx 000 0 eng d
020 _a9781315714066
037 _aEBOOK
040 _aCRL
040 _beng
040 _cCRL
041 _2eng
041 _aeng
084 _qCRL
100 _aMasa Higo; Thomas R. Klassen
_91156639
245 0 _aRetirement in Japan and South Korea
245 4 _bThe past, the present and the future of mandatory retirement
260 _bTaylor and Francis
260 _c2015
365 _a
365 _b255
856 _uhttp://www.taylorfrancis.com/books/9781315714066
942 _cEBOOK
999 _c1747900
_d1747900